[Event "Moscow Ivi GP op"]
[Site "Moscow"]
[Date "2025.03.12"]
[Round "8"]
[White "Sargissyan, Sargis"]
[Black "Shoboev, Dandar"]
[Result "1-0"]
[WhiteElo "2267"]
[BlackElo "2273"]
[PlyCount "101"]
[EventDate "2025.03.08"]
[EventType "swiss"]
[EventRounds "10"]
[EventCountry "RUS"]
[SourceTitle "CB12_2025"]
[SourceDate "2025.03.19"]
[SourceVersion "1"]
[SourceVersionDate "2025.03.19"]
[SourceQuality "1"]

1. e4 d5 2. exd5 Qxd5 3. Nc3 Qa5 4. d4 Nf6 5. Bd2 c6 6. Bc4 Qb6 7. Nf3 e6 8. a4 Be7 9. a5 Qc7 10. 0-0 0-0 11. Qe2 Nbd7 12. Ng5 Bd6 13. f4 Re8 14. Kh1 Nf8 15. Nce4 Nxe4 16. Nxe4 Be7 17. Qh5 g6 18. Qh6 f5 19. Nc5 Bf6 20. c3 Bd7 21. b4 Rad8 22. Be1 Bg7 23. Qh3 Bc8 24. Bh4 Rd6 25. Rfe1 Kh8 26. Re2 Qf7 27. Rae1 b6 28. axb6 axb6 29. Nd3 Qc7 30. Bg5 Bb7 31. Bh6 Bxh6 32. Qxh6 Qg7 33. Qxg7+ Kxg7 34. Ra2 Rd7 35. Kg1 Kf6 36. Ra7 Ra8 37. Rxa8 Bxa8 38. Ra1 Bb7 39. Ne5 Re7 40. Ra7 c5 41. dxc5 bxc5 42. b5 g5 43. b6 gxf4 44. Nd3 Bc6 45. Rc7 Bd5 46. Nxc5 Ng6 47. Bxd5 exd5 48. Rxe7 Nxe7 49. b7 Nc6 50. b8Q Nxb8 51. Ne4+ 1-0

[Event "Titled Tuesday intern op 04th Mar Early"]
[Site "Chess.com INT"]
[Date "2025.03.04"]
[Round "5"]
[White "Sargissyan, Sargis"]
[Black "Risteski, Emil"]
[Result "0-1"]
[WhiteElo "2267"]
[BlackElo "2365"]
[PlyCount "108"]
[EventDate "2025.03.04"]
[EventType "swiss (blitz)"]
[EventRounds "11"]
[EventCountry "USA"]
[SourceTitle "CB11_2025"]
[SourceDate "2025.03.12"]
[SourceVersion "1"]
[SourceVersionDate "2025.03.12"]
[SourceQuality "1"]

1. e4 d6 2. d4 Nf6 3. Nc3 e5 4. Nf3 Nbd7 5. Bc4 Be7 6. 0-0 c6 7. a4 0-0 8. Re1 a5 9. Ba2 h6 10. h3 Nh7 11. Be3 Ng5 12. Nxg5 Bxg5 13. Qd2 g6 14. Rad1 Kg7 15. f4 exf4 16. Bxf4 Bxf4 17. Qxf4 Qe7 18. Rf1 Nb6 19. Rde1 Bd7 20. e5 d5 21. Rf2 Be6 22. Ref1 Nd7 23. Nd1 f5 24. exf6+ Rxf6 25. Qg3 Raf8 26. c3 Rxf2 27. Rxf2 Rxf2 28. Nxf2 Bf5 29. Ng4 h5 30. Qe3 Qxe3+ 31. Nxe3 Be4 32. Bb3 Nb6 33. Bd1 Kf6 34. Kf2 h4 35. b3 Kg5 36. Ng4 Nd7 37. Ke3 b6 38. Bf3 Bc2 39. c4 Bxb3 40. cxd5 Bxd5 41. Bxd5 cxd5 42. Kd3 Kf4 43. Ne3 Nf6 44. Ke2 Ke4 45. Kf2 Kxd4 46. Kf3 Kc3 47. Kf4 d4 48. Nf1 d3 49. Kg5 Nd5 50. Kxg6 Nf4+ 51. Kg5 Nxg2 52. Kg4 d2 53. Nxd2 Kxd2 54. Kf3 Ne3 0-1

[Event "Titled Tuesday intern op 25th Feb Early"]
[Site "Chess.com INT"]
[Date "2025.02.25"]
[Round "4"]
[White "Sargissyan, Sargis"]
[Black "Dilanyan, Grigor"]
[Result "0-1"]
[WhiteElo "2267"]
[BlackElo "2191"]
[PlyCount "86"]
[EventDate "2025.02.25"]
[EventType "swiss (blitz)"]
[EventRounds "11"]
[EventCountry "USA"]
[SourceTitle "CB10_2025"]
[SourceDate "2025.03.05"]
[SourceVersion "1"]
[SourceVersionDate "2025.03.05"]
[SourceQuality "1"]

1. e4 e5 2. Nf3 Nc6 3. Bb5 a6 4. Ba4 Bc5 5. Nc3 Nge7 6. d3 0-0 7. 0-0 d6 8. h3 f5 9. Bb3+ Kh8 10. Ng5 Qe8 11. Ne6 Bxe6 12. Bxe6 Nd4 13. exf5 Nexf5 14. Bxf5 Nxf5 15. Kh2 Qg6 16. Ne4 Ba7 17. Qg4 Qxg4 18. hxg4 Nd4 19. c4 Nc2 20. Rb1 Nb4 21. Rd1 Bxf2 22. a3 Nc6 23. Rf1 Bd4 24. Bg5 h6 25. Bh4 Kh7 26. g5 h5 27. Kh3 Kg6 28. g4 hxg4+ 29. Kxg4 Ne7 30. Ng3 Rxf1 31. Rxf1 b6 32. b3 b5 33. Ne4 Nf5 34. Bf2 Bxf2 35. Rxf2 Rh8 36. Rg2 Ne3+ 37. Kf3 Nxg2 38. Kxg2 bxc4 39. bxc4 Rb8 40. Nc3 Rb3 41. Nd5 Rxa3 42. Nxc7 Kxg5 43. Ne8 Rxd3 0-1

[Event "Titled Tuesday intern op 25th Feb Early"]
[Site "Chess.com INT"]
[Date "2025.02.25"]
[Round "9"]
[White "Sargissyan, Sargis"]
[Black "Ivashentseva, Dominika"]
[Result "1-0"]
[WhiteElo "2267"]
[BlackElo "1869"]
[PlyCount "51"]
[EventDate "2025.02.25"]
[EventType "swiss (blitz)"]
[EventRounds "11"]
[EventCountry "USA"]
[SourceTitle "CB10_2025"]
[SourceDate "2025.03.05"]
[SourceVersion "1"]
[SourceVersionDate "2025.03.05"]
[SourceQuality "1"]

1. e4 c5 2. Nf3 d6 3. d4 cxd4 4. Nxd4 Nf6 5. Nc3 g6 6. Be3 Bg7 7. Be2 0-0 8. Qd2 Nc6 9. 0-0-0 Ng4 10. Bxg4 Bxg4 11. f3 Bd7 12. Nxc6 Bxc6 13. Bh6 Qa5 14. Bxg7 Kxg7 15. h4 b5 16. h5 Rh8 17. h6+ Kg8 18. Qd4 f6 19. Nd5 Kf7 20. Nxe7 Qxa2 21. Nxc6 Qa1+ 22. Kd2 Qa6 23. Qd5+ Ke8 24. Qe6+ Kf8 25. Qe7+ Kg8 26. Qg7# 1-0

[Event "Titled Tuesday intern op 25th Feb Early"]
[Site "Chess.com INT"]
[Date "2025.02.25"]
[Round "1"]
[White "Sargissyan, Sargis"]
[Black "Koellner, Ruben Gideon"]
[Result "0-1"]
[WhiteElo "2267"]
[BlackElo "2486"]
[PlyCount "132"]
[EventDate "2025.02.25"]
[EventType "swiss (blitz)"]
[EventRounds "11"]
[EventCountry "USA"]
[SourceTitle "CB10_2025"]
[SourceDate "2025.03.05"]
[SourceVersion "1"]
[SourceVersionDate "2025.03.05"]
[SourceQuality "1"]

1. e4 d6 2. d4 Nf6 3. Nc3 e5 4. Nf3 Nbd7 5. Bc4 Be7 6. 0-0 c6 7. a4 h6 8. Re1 Qc7 9. dxe5 dxe5 10. Nh4 g6 11. Qe2 Nf8 12. h3 Be6 13. f4 exf4 14. e5 Nh5 15. Bxe6 Bxh4 16. Bg4 Bxe1 17. Qxe1 Ne6 18. b3 0-0-0 19. Bb2 Kb8 20. Ne4 Ng3 21. Nxg3 fxg3 22. Qxg3 h5 23. Bxe6 fxe6 24. Qxg6 Qe7 25. Rf1 Rdg8 26. Qf6 Qd7 27. Ba3 Qd5 28. Bd6+ Ka8 29. Qf3 Qd4+ 30. Kh2 a6 31. c3 Qb6 32. b4 Rh7 33. a5 Qd8 34. c4 Rhg7 35. Rf2 b6 36. Qf6 bxa5 37. Qxe6 axb4 38. Bxb4 Qc8 39. Qd6 Qc7 40. Qxc7 Rxc7 41. e6 Re8 42. e7 c5 43. Rf8 Rcxe7 44. Rxe8+ Rxe8 45. Bxc5 Rc8 46. Be7 Rxc4 47. Kg3 Kb7 48. Kf3 Kc6 49. g4 hxg4+ 50. hxg4 Kd5 51. g5 Ke6 52. Bf6 Kf5 53. Ke3 a5 54. Kd3 Rc7 55. Bc3 a4 56. Kc2 Kxg5 57. Kb2 Rb7+ 58. Ka2 Rb3 59. Bd4 Kf5 60. Bg7 Ke4 61. Bh8 Kd5 62. Bg7 Kc4 63. Bh8 Kb4 64. Bg7 Rf3 65. Bh8 Rf2+ 66. Ka1 Kb3 0-1

[Event "Titled Tuesday intern op 25th Feb Early"]
[Site "Chess.com INT"]
[Date "2025.02.25"]
[Round "7"]
[White "Sargissyan, Sargis"]
[Black "Player, Edmund C"]
[Result "0-1"]
[WhiteElo "2267"]
[BlackElo "2130"]
[PlyCount "60"]
[EventDate "2025.02.25"]
[EventType "swiss (blitz)"]
[EventRounds "11"]
[EventCountry "USA"]
[SourceTitle "CB10_2025"]
[SourceDate "2025.03.05"]
[SourceVersion "1"]
[SourceVersionDate "2025.03.05"]
[SourceQuality "1"]

1. e4 e6 2. d4 d5 3. Nc3 Bb4 4. e5 Ne7 5. a3 Bxc3+ 6. bxc3 b6 7. Qg4 Ng6 8. h4 h5 9. Qg3 Ba6 10. Bd3 Bxd3 11. cxd3 c5 12. Ne2 Nc6 13. Be3 Nce7 14. Bg5 Qd7 15. Bxe7 Qxe7 16. Nf4 Nxf4 17. Qxf4 Rc8 18. Rh3 cxd4 19. cxd4 Rc3 20. Rg3 g6 21. Rf3 Rf8 22. a4 Qb4 23. Kf1 Rb3 24. Rc1 Rb1 25. g3 Rxc1+ 26. Qxc1 Kd7 27. Rf4 Qxa4 28. Rf6 Qb4 29. Qf4 Ke7 30. Qf5 gxf5 0-1

[Event "Titled Tuesday intern op 11th Feb Early"]
[Site "Chess.com INT"]
[Date "2025.02.11"]
[Round "9"]
[White "Swara, Lakshmi S Nair"]
[Black "Sargissyan, Sargis"]
[Result "0-1"]
[WhiteElo "2216"]
[BlackElo "2267"]
[PlyCount "60"]
[EventDate "2025.02.11"]
[EventType "swiss (blitz)"]
[EventRounds "11"]
[EventCountry "USA"]
[SourceTitle "CB08_2025"]
[SourceDate "2025.02.19"]
[SourceVersion "1"]
[SourceVersionDate "2025.02.19"]
[SourceQuality "1"]

1. e4 c5 2. Nf3 d6 3. d4 cxd4 4. Nxd4 Nf6 5. Nc3 a6 6. h4 e5 7. Nb3 Be6 8. f4 exf4 9. Bxf4 Be7 10. Qd2 Nc6 11. 0-0-0 Ne5 12. Be2 0-0 13. Nd4 Rc8 14. Nf5 Bxf5 15. exf5 Qa5 16. Kb1 Rc5 17. g4 Rfc8 18. g5 Rxc3 19. bxc3 Ne4 20. Qe3 Nxc3+ 21. Kc1 Nxa2+ 22. Kb1 Nc3+ 23. Kc1 Na2+ 24. Kb1 Nb4 25. Qb3 Nxc2 26. Bxe5 dxe5 27. Qxc2 Rxc2 28. Kxc2 Qa2+ 29. Kd3 Qd5+ 30. Ke3 Bc5+ 0-1

[Event "Titled Tuesday intern op 04th Feb Early"]
[Site "Chess.com INT"]
[Date "2025.02.04"]
[Round "9"]
[White "Belov, Alexei"]
[Black "Sargissyan, Sargis"]
[Result "0-1"]
[WhiteElo "2421"]
[BlackElo "2267"]
[PlyCount "90"]
[EventDate "2025.02.04"]
[EventType "swiss (blitz)"]
[EventRounds "11"]
[EventCountry "USA"]
[SourceTitle "CB07_2025"]
[SourceDate "2025.02.12"]
[SourceVersion "1"]
[SourceVersionDate "2025.02.12"]
[SourceQuality "1"]

1. e4 e5 2. Nf3 Nc6 3. Bb5 Nf6 4. 0-0 Nxe4 5. d4 Nd6 6. Bxc6 dxc6 7. dxe5 Nf5 8. Qxd8+ Kxd8 9. Rd1+ Ke8 10. Nc3 h6 11. b3 Ne7 12. h3 Ng6 13. Bb2 Be6 14. Nd4 Bd7 15. Re1 Nf4 16. Nce2 Ne6 17. Nxe6 Bxe6 18. Nd4 Bb4 19. Nxe6 fxe6 20. Red1 Rf8 21. Bd4 Rf7 22. c3 Ba5 23. b4 Bb6 24. c4 Rd8 25. c5 Rfd7 26. cxb6 axb6 27. Rd3 Rxd4 28. Rg3 R8d7 29. a3 Re4 30. Re3 Rxe3 31. fxe3 Rd5 32. Kf2 Rxe5 33. Kf3 Rd5 34. Ra2 Ke7 35. Ke4 b5 36. Rc2 Rd1 37. Rc3 Kd6 38. h4 Rd2 39. g3 b6 40. Kf4 c5 41. Ke4 c4 42. h5 c5 43. g4 cxb4 44. axb4 Rb2 45. Rc2 Rxc2 0-1

[Event "Titled Tuesday intern op 04th Feb Early"]
[Site "Chess.com INT"]
[Date "2025.02.04"]
[Round "2"]
[White "Hehir, Michael"]
[Black "Sargissyan, Sargis"]
[Result "0-1"]
[WhiteElo "2009"]
[BlackElo "2267"]
[PlyCount "40"]
[EventDate "2025.02.04"]
[EventType "swiss (blitz)"]
[EventRounds "11"]
[EventCountry "USA"]
[SourceTitle "CB07_2025"]
[SourceDate "2025.02.12"]
[SourceVersion "1"]
[SourceVersionDate "2025.02.12"]
[SourceQuality "1"]

1. d4 Nf6 2. c4 g6 3. Nc3 Bg7 4. e4 d6 5. h3 0-0 6. Nf3 e5 7. d5 Nh5 8. Be3 Na6 9. g4 Nf4 10. Ne2 Nc5 11. Qc2 Nfd3+ 12. Kd2 f5 13. gxf5 gxf5 14. Bg5 Qe8 15. Ng3 Nxf2 16. exf5 Nxh1 17. b4 e4 18. Nxh1 exf3 19. Re1 Qh5 20. h4 Bxf5 0-1

[Event "Titled Tuesday intern op 04th Feb Early"]
[Site "Chess.com INT"]
[Date "2025.02.04"]
[Round "4"]
[White "Sargissyan, Sargis"]
[Black "Hayrapetyan, Edgar"]
[Result "0-1"]
[WhiteElo "2267"]
[BlackElo "2137"]
[PlyCount "60"]
[EventDate "2025.02.04"]
[EventType "swiss (blitz)"]
[EventRounds "11"]
[EventCountry "USA"]
[SourceTitle "CB07_2025"]
[SourceDate "2025.02.12"]
[SourceVersion "1"]
[SourceVersionDate "2025.02.12"]
[SourceQuality "1"]

1. e4 d6 2. d4 g6 3. Nc3 Bg7 4. f4 c5 5. dxc5 dxc5 6. Qxd8+ Kxd8 7. Be3 Nd7 8. e5 b6 9. 0-0-0 a6 10. Bc4 e6 11. Nf3 Nh6 12. Ng5 Ke7 13. Nce4 Bb7 14. Rd2 Nf5 15. Rhd1 Bc6 16. Bf2 h6 17. Nxf7 Rhf8 18. Nfd6 Nxd6 19. exd6+ Ke8 20. Ng3 Rxf4 21. Be3 Rxc4 22. Re1 Kf7 23. Rf2+ Kg8 24. h3 Re8 25. b3 Rb4 26. Kd2 Rb5 27. a4 Ra5 28. Kd3 b5 29. Bd2 b4 30. Ne4 c4+ 0-1

[Event "Titled Tuesday intern op 28th Jan Early"]
[Site "Chess.com INT"]
[Date "2025.01.28"]
[Round "5"]
[White "Kuchava, Ana"]
[Black "Sargissyan, Sargis"]
[Result "0-1"]
[WhiteElo "2094"]
[BlackElo "2267"]
[PlyCount "68"]
[EventDate "2025.01.28"]
[EventType "swiss (blitz)"]
[EventRounds "11"]
[EventCountry "USA"]
[SourceTitle "CB06_2025"]
[SourceDate "2025.02.05"]
[SourceVersion "1"]
[SourceVersionDate "2025.02.05"]
[SourceQuality "1"]

1. c4 Nf6 2. Nc3 g6 3. g3 Bg7 4. Bg2 0-0 5. Nf3 Nc6 6. 0-0 d6 7. d4 e5 8. d5 Nb8 9. e4 a5 10. Ne1 Na6 11. Nd3 Nd7 12. Be3 Ndc5 13. Nxc5 Nxc5 14. a3 Bd7 15. b4 axb4 16. axb4 Rxa1 17. Qxa1 Nb3 18. Qa7 Qa8 19. Rb1 Qxa7 20. Bxa7 Ra8 21. Rxb3 Rxa7 22. Kf1 Bh6 23. Ke2 Ra1 24. h4 Bg4+ 25. Bf3 Bd7 26. c5 f5 27. cxd6 cxd6 28. b5 Bc1 29. Kd3 Ba3 30. Kc4 Bc5 31. Rb1 Rxb1 32. Nxb1 Bxf2 33. exf5 gxf5 34. g4 fxg4 0-1

[Event "Titled Tuesday intern op 28th Jan Early"]
[Site "Chess.com INT"]
[Date "2025.01.28"]
[Round "2"]
[White "Nikulina, Alena"]
[Black "Sargissyan, Sargis"]
[Result "0-1"]
[WhiteElo "1875"]
[BlackElo "2267"]
[PlyCount "74"]
[EventDate "2025.01.28"]
[EventType "swiss (blitz)"]
[EventRounds "11"]
[EventCountry "USA"]
[SourceTitle "CB06_2025"]
[SourceDate "2025.02.05"]
[SourceVersion "1"]
[SourceVersionDate "2025.02.05"]
[SourceQuality "1"]

1. e4 c5 2. Nf3 d6 3. c3 Nf6 4. h3 g6 5. Bd3 Bg7 6. Bc2 0-0 7. 0-0 Nc6 8. Re1 e5 9. d4 exd4 10. cxd4 cxd4 11. Nxd4 Nxd4 12. Qxd4 Re8 13. Qd3 d5 14. e5 Ne4 15. f4 Bf5 16. Qb3 Rc8 17. Na3 Nc5 18. Qf3 Bxc2 19. Nxc2 f6 20. Ne3 fxe5 21. Qxd5+ Qxd5 22. Nxd5 Nd3 23. Rd1 e4 24. Be3 Bxb2 25. Rab1 Rcd8 26. Nc7 Re7 27. Nb5 Red7 28. Kh2 a6 29. Na7 b5 30. Nc6 Rc8 31. Ne5 Bxe5 32. fxe5 Nxe5 33. Rxd7 Nxd7 34. Rd1 Ne5 35. Bf4 Nc4 36. Re1 Re8 37. Kg3 e3 0-1